| Tag |
First Indicator |
Second Indicator |
Subfields |
| LEADER |
00000cam a2200000 a 4500 |
| 001 |
in00001069338 |
| 005 |
20150929093035.0 |
| 008 |
850123s1984 txu s00010 eng d |
| 035 |
|
|
|a (OCoLC)11609422
|
| 035 |
|
|
|9 AFM7754AM
|
| 040 |
|
|
|a IKM
|c IKM
|d UtOrBLW
|
| 049 |
|
|
|a IKMd
|
| 086 |
|
|
|a C2600.8 F317 1984
|2 txdocs
|
| 099 |
|
9 |
|a C2600.8
|a F317
|a 1984
|
| 110 |
1 |
|
|a Texas.
|b Comptroller's Office.
|
| 245 |
1 |
0 |
|a Comptroller payments to counties :
|b federal flood control.
|
| 250 |
|
|
|a Rev. Oct. 1984.
|
| 264 |
|
1 |
|a Austin, Tex. :
|b Comptroller of Public Accounts,
|c [1984]
|
| 300 |
|
|
|a 1 folded sheet (3 pages) ;
|c 22 x 10 cm.
|
| 336 |
|
|
|a text
|b txt
|2 rdacontent
|
| 337 |
|
|
|a unmediated
|b n
|2 rdamedia
|
| 338 |
|
|
|a sheet
|b nb
|2 rdacarrier
|
| 490 |
0 |
|
|a Comptroller of Public Accounts publication ;
|v #96-147
|
| 500 |
|
|
|a Cover title.
|
| 610 |
1 |
0 |
|a Texas.
|b Comptroller's Office
|x Appropriations and expenditures.
|
| 650 |
|
0 |
|a Flood control
|z Texas
|x Finance.
|
| 650 |
|
0 |
|a Federal aid to water resources development
|z Texas.
|
| 740 |
0 |
|
|a Federal flood control.
|
| 999 |
|
|
|a MARS
|
| 999 |
f |
f |
|s 8252a347-fe54-38ad-aa01-366738e23956
|i ba5f3ab3-65e2-3558-8a7b-b6489548c006
|t 0
|
| 952 |
f |
f |
|p normal
|a Texas A&M University
|b College Station
|c Sterling C. Evans Library
|d Evans: Texas Documents (Annex 5th floor)
|t 0
|e C2600.8 F317 1984
|h Other scheme
|i unmediated -- sheet
|m A14815845226
|
| 998 |
f |
f |
|a C2600.8 F317 1984
|t 0
|l Evans: Texas Documents (Annex 5th floor)
|